000 00325nam a2200157Ia 4500
100 _aTiggeler/Eric
942 _cBK
366 _f20
654 _ajoomla
245 _aJoomla 1.5: Beginners guide
260 _bShroff Publ.
_c2010
082 _a4.65
_bTIG
300 _a363
546 _aENGLISH
_cComputers
999 _c33243
_d33243